000 00751cam a22002531 4500
001 sa 68012521
003 DLC
005 20260227112611.0
008 890913s1967 ii k l 000 0 maro
010 _asa 68012521
035 _a(OCoLC)20336148
040 _aDLC
_cWaU
_dDLC
042 _apremarc
043 _aa-ii---
050 0 0 _aJQ620.M265
_bA5
110 1 _aMaharashtra (India).
_bLegislature.
245 1 0 _aMahārāshṭra Vidhānamaṇḍaḷa bodhikā.
260 _c1967.
300 _a4, 302 p.
_bforms.
_c19 cm.
500 _aIn Marathi.
610 1 0 _aMaharashtra (India).
_bLegislature
_xRules and practice.
610 1 0 _aMaharashtra (India).
_bLegislature
_xSalaries, pensions, etc.
610 1 0 _aMaharashtra (India).
_tLaws, etc.
999 _c84569
_d84569